000 00287nam a22001337a 4500
008 170203b xxu||||| |||| 00| 0 eng d
020 _a08887357
041 _aeng
080 _a61
100 _a3
101 _aSHM
245 _aTHE COMA-EMERGING PATIENT
_cSANDEL, M.E
942 _2udc
_cBK
999 _c4450
_d4450